000 00928nam a22002417a 4500
005 2008090307237.0
008 080903t xxu||||| |||| 00| 0 eng d
010 _aENG-90917
020 _a9788131304495
_c695.00
035 _aEN-74450
037 _bDBAD / PUB
040 _aDPL
_bEnglish
082 _a372.35044
100 _aSamnani, P.B.
245 _aTeaching of chemistry practicals /
_cby P.B. Samnani
260 _aNew Delhi
_bAPH Publishing House
_c2009
270 _a4435-36/7, Ansari Raod, Darya Ganj,
_bNew Delhi
_e110002
_k23274050
300 _aix, , 236p.
_c23 cm (Hb)
650 _aScience
_xExperiments
_xStudy and teaching
650 _aChemistry
_xLaboratory manuals
942 _2ddc
_cEN
_mSAM
_h372.35044
999 _c15325
_d15325